Loreto College Library, Kolkata
WEBOPAC (ONLINE PUBLIC ACCESS CATALOGUE)

International politics (Record no. 43428)

MARC details
000 -LEADER
fixed length control field 00592nam a22002177a 4500
005 - DATE AND TIME OF LATEST TRANSACTION
control field 20240628152749.0
008 - FIXED-LENGTH DATA ELEMENTS--GENERAL INFORMATION
fixed length control field 230814b |||||||| |||| 00| 0 eng d
020 ## - ISBN | অাই এস বি এন
ISBN | অাই এস বি এন 9788132106913
PRICE Rs.475.00
040 ## - CATALOGING SOURCE
Original cataloging agency Loreto college
041 ## - LANGUAGE CODE
Language code English
082 ## - DDC | ডিউই
Classification number | বর্গসংখ্যা 327
Book Number | গ্রন্থাঙ্ক BAS
245 ## - TITLE STATEMENT | অাখ্যা বিবরণী
Title | অাখ্যা International politics
Sub title | উপঅাখ্যা Concepts, theories and issues
Statement of responsibility | লেখকের দায়িত্বের বিবরণ Edited by Rumki Basu
260 ## - IMPRINT | প্রকাশনা ক্ষেত্র
Place of publication | প্রকাশ স্থান Delhi
Name of publisher | প্রকাশকের নাম Sage
Date of publication | প্রকাশ কাল 2012
300 ## - PHYSICAL DESCRIPTION |
Page / Vol. No | পৃষ্ঠা / খন্ড সংখ্যা 526p.
Other physical details | অনান্য বাহ্যিক বিবরণ 21cm.
504 ## - BIBLIOGRAPHY, ETC. NOTE
Bibliography, etc Includes index
650 ## - SUBJECT ADDED ENTRY--TOPICAL TERM | বিষয় শিরোনাম - মূল বিষয়
Topical term | মূল বিষয় Political science
650 ## - SUBJECT ADDED ENTRY--TOPICAL TERM | বিষয় শিরোনাম - মূল বিষয়
Topical term | মূল বিষয় International politics
700 ## - ADDED ENTRY--PERSONAL NAME | অতিরিক্ত সংলেখ - ব্
Relator code | দায়িত্ব নির্দেশক ed.
Personal name | ব্যাক্তিনাম Basu, Rumki
850 ## - HOLDING INSTITUTION
Holding institution LCLIB
942 ## - ADDED ENTRY ELEMENTS (KOHA)
Koha item type Books
Holdings
Withdrawn status Lost status Source of classification Damaged status Not for loan Home library Current library Date acquired Price Total Checkouts Full call number Accession No. Date last seen Price effective from Koha item type Coded location qualifier
    Dewey Decimal Classification     Loreto College Loreto College 14/08/2023 475.00   327 BAS 53544 47552 14/08/2023 14/08/2023 Books